1106 1841 1504 1027 1230 1124 1704 1461 1154 1369 1919 1223 1691 1901 1070 1074 1158 1103 1382 1848 1927 1165 1116 1781 1250 1817 1212 1780 1415 1757 1294 1662 1746 1114 1896 1740 1935 1454 1531 1321 1384 1949 1178 1499 1409 1079 1086 1156 1507 1961 1233 1225 1604 1218 1913 1916 1678 1894 1594 1449 1647 1707 1270 1566 1133 1179 1225 1534 1083 1966 1291 1293 1746 1826 1578 1343 1804 1959 1913 1852 1050 1413 1436 1105 1700 1515 1952 1961 1995 1037 1061 1799 1430 1939 1281 1389 1822 1607 1750 BCNSPRNW ULIB Ver.6.0+V

เปลี่ยนเป็นภาษาไทย

Change to English
 แสดงรายละเอียดบรรณานุกรม
  กลับหน้าหลัก

Brief Record : Get Marc (ISO 2709) : E-mail record : QR code < ปิดหน้าต่าง
LEADER : 00000nam 2200000uu 4500
001    13399113776
003     ULIB
008    111227s2553||||th 000 0 tha d
020    ^a9786167123264
090    ^aนว.^bช149จ 2553
100 0  ^aชนาพร
245 00 ^aเจ้าพ่อกำมะลอ/^cชนาพร
250    ^aพิมพ์ครั้งที่ 1
260    ^aกรุงเทพฯ :^bกรีนมายด์ บุ๊คส์,^c2553
300    ^a314 หน้า
710 1  ^aกรีนมายด์ บุ๊คส์
945    ^p229^l0^i16997
995    ^aกัณชพร
999    ^aใช้งานได้ทุกระบบ
รายการนี้ยังไม่มีแท็ก
คุณยังไม่ได้ล็อกอิน คุณสามารถมีกิจกรรมร่วมกับเว็บไซต์ได้ แต่ต้องล็อกอินก่อน ::
  ล็อกอิน

รายการสื่อสารสนเทศ

ลำดับที่ ประเภท เลขเรียก/บาร์โค้ด สถานที่ สถานะ
1. นวนิยาย
นวนิยาย
นว. ช149จ 2553  
  Barcode: 16997
ห้องสมุดวิทยาเขตสวรรค์ประชารักษ์
►นวนิยาย
บนชั้น
  ขอยืม

รายการใกล้เคียง
    ผู้แต่ง [ชนาพร]

BibComment


ยังไม่เคยถูกคอมเมนท์

คอมเมนท์ทรัพยากรรายการนี้
  คอมเมนท์: เจ้าพ่อกำมะลอ ชน..


 Copyright 2026. Bcnsprnw @Library